| 000 | 00789cam a2200253 4500500 | ||
|---|---|---|---|
| 005 | 20260329004821.0 | ||
| 041 | _afre | ||
| 042 | _adc | ||
| 100 | 1 | 0 |
_aLegros, Martin _eauthor |
| 245 | 0 | 0 | _aAndré Comte-Sponville : “La dépénalisation de l’euthanasie n’est pas une question de dignité mais de liberté” |
| 260 | _c2021. | ||
| 500 | _a37 | ||
| 690 | _aAndré Comte-Sponville | ||
| 690 | _aDignité | ||
| 690 | _aEuthanasie | ||
| 690 | _aHouellebecq | ||
| 690 | _aLoi | ||
| 690 | _aLoi Leonetti | ||
| 690 | _aMontaigne | ||
| 690 | _aMort | ||
| 690 | _aSanté | ||
| 786 | 0 | _nPhilosophie magazine | 149 | 5 | 2021-05-01 | p. 19-21 | 1951-1787 | |
| 856 | 4 | 1 | _uhttps://shs.cairn.info/magazine-philosophie-magazine-2021-5-page-19?lang=fr&redirect-ssocas=7080 |
| 999 |
_c1837589 _d1837590 |
||